000 00649nam a22002057a 4500
999 _c181864
_d181864
005 20221017124858.0
010 _aB-745992
020 _a9789391017033
_c200.00
035 _aB-745992
037 _bSahitya Akademi
082 _aS
100 _aSaraf, Gayatri
245 _aThe artist of a brick-kiln /
_cby Gayatri Saraf ; translated by Manoranjan Mishra
260 _aNew Delhi
_bSahitya Akademi
_c2021
270 _aRabindra Bhavan, 35 Ferozshah Road
_bNew Delhi
_e110001
300 _a161p.
_c22cm(pbk)
700 _aMishra, Manoranjan
942 _2ddc
_cEN
_mSAR
_hS